Dương Bá Trạc: Con người và thơ văn

Wedi'i Gadw mewn:
Manylion Llyfryddiaeth
Prif Awdur: Chương Thâu
Fformat: Llyfr
Iaith:Undetermined
Cyhoeddwyd: Hà Nội Phụ nữ 2004
Pynciau:
Tagiau: Ychwanegu Tag
Dim Tagiau, Byddwch y cyntaf i dagio'r cofnod hwn!
Thư viện lưu trữ: Trung tâm Học liệu Trường Đại học Cần Thơ
LEADER 00536nam a2200193Ia 4500
001 CTU_62209
008 210402s9999 xx 000 0 und d
020 |b 36000 
082 |a 895.92209 
082 |b Th125 
100 |a Chương Thâu 
245 0 |a Dương Bá Trạc: Con người và thơ văn 
260 |a Hà Nội 
260 |b Phụ nữ 
260 |c 2004 
650 |a vietnamese literature 
650 |x history and criticism 
904 |i Minh 
980 |a Trung tâm Học liệu Trường Đại học Cần Thơ